20 Premier League Stadiums - Statistiques

Statistiques générales
  • Ce quiz a été pris 82 fois
  • Le résultat moyen est 8 sur 20
Statistiques - réponses
Hint Réponse % Correct
Liverpool Anfield
91%
Arsenal Emirates Stadium
87%
Manchester United Old Trafford
87%
Chelsea Stamford Bridge
86%
Manchester City Etihad Stadium
83%
Newcastle St James Park
57%
Tottenham Hotspur Stadium
43%
Aston Villa Villa park
43%
Everton Goodison Park
42%
West Ham London Stadium
38%
Fulham Craven Cottage
30%
Leicester King Power Stadium
29%
Wolverhampton Molineux Stadium
25%
Southampton St Mary Stadium
19%
Crystal Palace Selhurst Park
17%
Bournemouth Vitality Stadium
17%
Leeds Elland Road
16%
Nottingham Forest City Ground
9%
Brighton Falmer Stadium
7%
Brentford Community Stadium
6%
Aucun quiz correspondant
Distribution des résultats
% des personnes avec chaque résultat
Percentile par nombre de réponses
Votre historique - résultats
Vous n’avez pas pris ce quiz